000 00968nam a22002657a 4500
001 03681
003 HDC
007 cr bn ---aaaaa
008 210111t2007 flu||||| |||| 00| 0 eng
020 _a978-1-4398-4324-6
040 _aHDC
245 0 _aAgricultural Research at the Crossroads Revisited Resource-poor Farmers and the Millennium Development Goals.
_bAgricultural Development Towards Modernization
260 _a Boca Raton, Florida:
_bCRC Press,
_c2007
300 _a13 pages
336 _atext
_2rdacontent
337 _acomputer
_2rdamedia
338 _aonline resource
_2rdacarrier
650 _aAgricultural Development
_93391
650 _aAgricultural research
_93347
650 _aIndustrial Culture
_93392
856 _zRequest full-text at [email protected]
942 _2lcc
942 _cCHAP
942 _kEBCH 001664
999 _c1017
_d1017